| 000 -CABECERA |
| Longitud fija campo de control |
00850cas a22002297a 4500 |
| 003 - IDENTIFICADOR DEL NÚMERO DE CONTROL |
| Identificador del número de control |
OSt |
| 005 - FECHA Y HORA DE LA ÚLTIMA TRANSACCIÓN |
| Fecha y hora de la última transacción |
20231121111139.0 |
| 008 - CÓDIGOS DE INFORMACIÓN DE LONGITUD FIJA |
| Códigos de información de longitud fija |
161220c20109999spcau p|s|||||| b0cat|d |
| 040 ## - FUENTE DE LA CATALOGACIÓN |
| Lengua de catalogación |
cat |
| Centro transcriptor |
CDMR |
| 110 2# - PUNTO DE ACCESO PRINCIPAL-NOMBRE DE ENTIDAD CORPORATIVA |
| Nombre de entidad corporativa o nombre de jurisdicción como elemento inicial |
Consell Nacional de la Cultura i de les Arts (Catalunya) |
| 245 10 - MENCIÓN DE TÍTULO |
| Título |
Informe anual sobre l'estat de la cultura i de les arts a Catalunya |
| Medio |
[Recurs electrònic] |
| Mención de responsabilidad, etc. |
CoNCA |
| 256 ## - CARACTERÍSTICAS DEL ARCHIVO DE ORDENADOR |
| Características del archivo de ordenador |
Revista electrònica |
| 260 ## - PUBLICACIÓN, DISTRIBUCIÓN, ETC. (PIE DE IMPRENTA) |
| Lugar de publicación, distribución, etc. |
[Barcelona] : |
| Nombre del editor, distribuidor, etc. |
Consell Nacional de la Cultura i de les Arts (CoNCA), |
| Fecha de publicación, distribución, etc. |
DL 2010- |
| 310 ## - PERIODICIDAD ACTUAL |
| Periodicidad actual |
Anual |
| 362 0# - FECHAS DE PUBLICACIÓN Y/O DESIGNACIÓN SECUENCIAL |
| Fecha de publicación y/o designación secuencial |
2010- |
| 500 ## - NOTA GENERAL |
| Nota general |
Títol obtingut de la pàgina principal |
| 530 ## - NOTA DE FORMATO FÍSICO ADICIONAL DISPONIBLE |
| Nota de formato físico adicional disponible |
També es publica en versió impresa |
| 650 #0 - PUNTO DE ACCESO ADICIONAL DE MATERIA - TÉRMINO DE MATERIA |
| Término de materia o nombre geográfico como elemento inicial |
Indústries culturals |
| 9 (RLIN) |
4171 |
| Subdivisión geográfica |
Catalunya |
| 655 #4 - TÉRMINO DE INDIZACIÓN - GÉNERO/FORMA |
| Datos o término principal de género/forma |
Anuaris |
| 856 40 - LOCALIZACIÓN Y ACCESO ELECTRÓNICO |
| Nota pública |
Accés en línia |
| Identificador Uniforme del Recurso (URI) |
<a href="http://conca.gencat.cat/ca/publicacions/informe-anual-conca/">http://conca.gencat.cat/ca/publicacions/informe-anual-conca/</a> |
| 942 ## - ENTRADA DE ELEMENTOS AGREGADOS (KOHA) |
| Koha [por defecto] tipo de item |
Publicacions periòdiques en línia |
| Fuente de clasificaión o esquema |
|